| 000 | 00344nam a2200145Ia 4500 | ||
|---|---|---|---|
| 008 | 210210b1996 xxu||||| |||| 00| 0 eng d | ||
| 082 | _a363.22 DANI | ||
| 100 | _aDANGWAL (Parmesh). | ||
| 245 | _aI dare! Kiran bedi a biography. | ||
| 260 |
_aND _bUBSPD _c1996 |
||
| 300 | _a328 | ||
| 650 | _aPolice | ||
| 690 | _aBiography | ||
| 906 | _a051702 | ||
| 999 |
_c100130 _d100130 |
||